000 00369nam a2200145Ia 4500
008 230711s9999||||xx |||||||||||||| ||und||
041 _aENG
082 _a677
_bSI-M
100 _aSingh,RB
245 0 _aModern Weaving Calculations: Preparatory
260 _c1994
_aAhmedabad
_bMahajan BooK Publication
300 _a109p.
650 _aTextile Engineering
942 _cBK
999 _c3661
_d3661